Pela floresta (Registo nº 3647)
[ vista simples ]
| 000 -Etiqueta do registo | |
|---|---|
| Cabeçalho | 00556nam0a2200241 4500 |
| 005 - Identificador da versão | |
| Campo de controlo | 20240813122007.0 |
| 010 ## - Número internacional normalizado dos livros (ISBN) | |
| Número (ISBN) | 9789728781910 |
| 021 ## - Número do Depósito Legal | |
| Código do país | PT |
| 100 ## - Dados gerais de processamento | |
| Dados gerais de processamento | 20110323d20042008b y0pory5003 ba |
| 102 ## - Pais de publicação ou produção | |
| País de publicação | Portugal |
| 101 0# - Língua de publicação | |
| Língua do texto, banda sonora, etc. | |
| Língua do documento no original | Português |
| 106 ## - Campo de dados codificados: material textual | |
| Dados codificados do material textual | PT |
| 105 ## - Campo de dados codificados: livros | |
| Dados codificados dos livros | a z 001yy |
| 215 ## - Descrição física | |
| Outras indicações físicas | il. |
| 200 1# - Titulo e menção de responsabilidade | |
| Título próprio | Pela floresta |
| Primeira menção de responsabilidade | Anthony Browne |
| Outras menções de responsabilidade | trad. Ana M. Noronha |
| 225 2# - Colecção | |
| Título próprio da colecção | livros para sonhar |
| 210 ## - Publicação, Distribuição, etc. | |
| Lugar da edição, distribuição, etc. | Matosinhos |
| Nome do editor, distribuidor, etc. | Kalandraka |
| Data da publicação, distribuição, etc. | 2008 |
| 675 ## - Classificação Decimal Universal (CDU) | |
| Edição | 2ª |
| Língua da edição | PT |
| 942 ## - Elementos de entrada adicionados (Koha) | |
| Tipo de item no Koha | Livro |
| Situação do levantamento | Origin of item (home branch) (coded) | Biblioteca de empréstimo | Código de barras | Cota | Circulation type (not for loan) | Tipo de documento | Nota do exemplar | Damaged status |
|---|---|---|---|---|---|---|---|---|
| Biblioteca Escolar da Coca Maravilhas | Biblioteca Escolar da Coca Maravilhas | BECM9862 | 8EST BRO | Livro | Sem mensagem |
